| 000 | 00550nam a2200229Ia 4500 | ||
|---|---|---|---|
| 008 | 210210b2016 xxu||||| |||| 00| 0 eng d | ||
| 020 | _a978006243406 | ||
| 041 | _aeng | ||
| 082 | _a381.1420952 CLAA | ||
| 100 | _aCLARK (Duncan) | ||
| 245 | _aAlibaba: the house that Jack ma built | ||
| 260 |
_aNew York _bAn imprint of Harper Collins Publishers _c2016 |
||
| 300 | _axvi,287 | ||
| 650 | _athat | ||
| 650 | _ama | ||
| 650 | _aJack | ||
| 650 | _ahouse | ||
| 650 | _abuilt | ||
| 650 | _aAlibaba: | ||
| 690 | _aCommerce | ||
| 906 | _a073980 | ||
| 999 |
_c123739 _d123739 |
||